MARC

LEADER 00000nam0a2200000 4500
001 34119
005 20231101210219.0
010 |a 5283000834 
035 |a (RuTPU)RU\TPU\book\34497 
035 |a BOOK00001148 
090 |a 34119 
100 |a 20011210d1990 km y0rusy50 ca 
101 0 |a rus 
102 |a RU 
105 |a y g 000zy 
200 1 |a Водоподготовка и водный режим энергообъектов низкого и среднего давления  |e справочник  |f Ю.М.Кострикин, Н.А.Мещерский, О.В.Коровина 
210 |a Москва  |c Энергоатомиздат  |d 1990 
215 |a 254 с. 
606 1 |a Тепловые электрические станции  |x Водное хозяйство  |2 stltpush  |3 (RuTPU)RU\TPU\subj\59604  |9 77114 
610 1 |a энерготехнологические процессы 
610 1 |a водоподготовка 
610 1 |a водный режим 
610 1 |a обработка 
610 1 |a очистка 
610 1 |a схемы 
610 1 |a справочники 
675 |a 621.311.22.002.5:621.182.1(035)  |v 3 
700 1 |a Кострикин  |b Ю. М.  |g Юрий Максимович 
701 1 |a Мещерский  |b Н. А.  |g Никита Алексеевич 
701 1 |a Коровина  |b О. В.  |g Ольга Васильевна 
801 0 |a RU  |b 63413507  |c 20011210  |g PSBO 
801 2 |a RU  |b 63413507  |c 20201014  |g PSBO 
900 |a Методы анализа природной и технологической воды 
900 |a Подготовка воды для энерготехнологических процессов предприятий 
900 |a Водоподготовка для ТЭС 
900 |a Технология подготовки воды 
900 |a Методы анализа природной и технологической воды 
900 |a Обработка воды на АЭС 
942 |c BK